NFL Starting QBs 2021/2022 - Statistiken

Allgemein
  • Dieses Quiz wurde 1.189 mal gespielt
  • Das Durchschnittsergebnis liegt bei 23 aus 32
Antwortstatistiken
Team Starting QB % Korrekt
Chiefs Patrick Mahomes
97%
Buccaneers Tom Brady
96%
Packers Aaron Rodgers
90%
Bengals Joe Burrow
89%
Bills Josh Allen
87%
Seahawks Russell Wilson
87%
Jets Zach Wilson
87%
Ravens Lamar Jackson
86%
Patriots Mac Jones
82%
Rams Matthew Stafford
82%
Giants Daniel Jones
81%
Chargers Justin Herbert
80%
Cardinals Kyler Murray
80%
Cowboys Dak Prescott
79%
Lions Jared Goff
78%
Vikings Kirk Cousins
78%
Eagles Jalen Hurts
76%
Jaguars Trevor Lawrence
75%
Raiders Derek Carr
74%
Falcons Matt Ryan
72%
Browns Baker Mayfield
69%
Titans Ryan Tannehill
65%
49ers Jimmy Garoppolo
61%
Colts Carson Wentz
59%
Dolphins Tua Tagovailoa
56%
Saints Jameis Winston
53%
Steelers Ben Roethlisberger
51%
Panthers Sam Darnold
45%
Bears Andy Dalton
41%
Broncos Teddy Bridgewater
41%
Football Team Ryan Fitzpatrick
34%
Texans Tyrod Taylor
24%
Keine übereinstimmenden Quizze gefunden
Verteilung der Resultate
Anzahl Personen mit jedem Resultat
Perzentil nach korrekt beantworteten Fragen
Ihre Resultats-Entwicklung
Sie haben dieses Quiz noch nicht gespielt